La negociación agropecuaria en el TLC alcances y consecuencias (Registro nro. 51554)

Detalles MARC
000 -ENCABEZADO
Número de control [NR] 01230nam a2200325Ia 4500
005 - FECHA Y HORA DE LA ÚLTIMA TRANSACCIÓN
control field 20211111074525.0
008 - DE LONGITUD FIJA DE DATOS DE ELEMENTOS - INFORMACIÓN GENERAL
Elementos de longitud fija [NR] 130821s2006 ck gr spa
020 ## - NUMERO INTERNACIONAL NORMALIZADO PARA LIBROS [R]
Número Internacional Normalizado del libro [NR] 9584401687
040 ## - FUENTE DE CATALOGACION [NR]
Agencia de catalogación original [NR] Co-BoUCM
Idioma de catalogación [NR] spa
041 00 - CODIGO DE IDIOMA [R]
Código de idioma para texto/pista de sonido o título separado [R] Español
100 1# - ASIENTO PRINCIPAL--NOMBRE PERSONAL [NR]
Nombre personal [NR] Garay Salamanca, Luis Jorge
ID Autoridad 74338
245 13 - MENCION DE TITULO [NR]
Título [NR] La negociación agropecuaria en el TLC alcances y consecuencias
Mención de responsabilidad, etc. [NR] Luis Jorge Garay Salamanca...[et al.]
260 ## - PUBLICACION, DISTRIBUCION, ETC. (PIE DE IMPRENTA) [R]
Lugar de publicación, distribución, etc. [R] Bogotá (Colombia)
Nombre del editor, distribuidor, etc. [R] Planeta Paz
Fecha de publicación, distribución, etc. [R] 2006
300 ## - DESCRIPCION FISICA [R]
Extensión [R] 182 páginas
505 ## - NOTA DE CONTENIDO CON FORMATO PREESTABLECIDO [R]
Nota de contenido con formato preestablecido [NR] CD-ROM: Anexo estadístico
650 04 - ASIENTO SECUNDARIO DE MATERIA - TERMINO TEMATICO [R]
Término temático o nombre geográfico como elemento de entrada [NR] Agricultura
Subdivisión general [R] Aspectos económicos
Subdivisión geográfica [R] Colombia
9 (RLIN) 52063
650 04 - ASIENTO SECUNDARIO DE MATERIA - TERMINO TEMATICO [R]
Término temático o nombre geográfico como elemento de entrada [NR] Comercio
9 (RLIN) 11192
650 04 - ASIENTO SECUNDARIO DE MATERIA - TERMINO TEMATICO [R]
Término temático o nombre geográfico como elemento de entrada [NR] Cooperación económica
Subdivisión geográfica [R] Colombia
9 (RLIN) 11957
650 04 - ASIENTO SECUNDARIO DE MATERIA - TERMINO TEMATICO [R]
Término temático o nombre geográfico como elemento de entrada [NR] Cooperación internacional
9 (RLIN) 11969
650 04 - ASIENTO SECUNDARIO DE MATERIA - TERMINO TEMATICO [R]
Término temático o nombre geográfico como elemento de entrada [NR] Economía internacional
9 (RLIN) 7543
650 04 - ASIENTO SECUNDARIO DE MATERIA - TERMINO TEMATICO [R]
Término temático o nombre geográfico como elemento de entrada [NR] Tratado de libre comercio. TLC
9 (RLIN) 8187
651 ## - ASIENTO SECUNDARIO DE MATERIA - NOMBRE GEOGRAFICO [R]
Nombre geográfico [NR] Colombia
Subdivisión de forma [R] Tratados comerciales
9 (RLIN) 26606
651 ## - ASIENTO SECUNDARIO DE MATERIA - NOMBRE GEOGRAFICO [R]
Nombre geográfico [NR] Colombia
Subdivisión general [R] Administración agrícola
9 (RLIN) 26606
651 ## - ASIENTO SECUNDARIO DE MATERIA - NOMBRE GEOGRAFICO [R]
Nombre geográfico [NR] Colombia
Subdivisión general [R] Comercio exterior
9 (RLIN) 45362
651 ## - ASIENTO SECUNDARIO DE MATERIA - NOMBRE GEOGRAFICO [R]
Nombre geográfico [NR] Colombia
Subdivisión general [R] Política económica
9 (RLIN) 27576
700 1# - ASIENTO SECUNDARIO - NOMBRE PERSONAL [R]
Nombre personal [NR] Brberi Gómez, Fernando
9 (RLIN) 163235
700 1# - ASIENTO SECUNDARIO - NOMBRE PERSONAL [R]
Nombre personal [NR] Cardona Landínez, Fernando
9 (RLIN) 163236
942 ## - ELEMENTOS DE ENTRADA AGREGADOS (KOHA)
Tipo de ítem principal el descrito en 300a Libro
Tema principal Economía
Edición 1
Parte restante de la signatura top. S159n
Sistema de clasificación DEWEY
Clasificación 337.1
Existencias
Fecha de último préstamo Total préstamos Signatura topográfica Código de barras Última vez visto Ejemplar Price effective from Tipo de ítem Perdido Sistema de clasificación Dañado No prestable Tipo de ítem específico Suprimido Ubicación habitual Ubicación actual Localización Fecha de creación Forma de adquisición Costo Total Renewals
02/05/2012 1 337.1 S159n 100082390 10/12/2024 Ej.5 03/02/2013 Multimedia   DEWEY     CD-Rom   Claustro Claustro Colección digital 19/02/2013 Donación 26000.00  
11/02/2020 21 337.1 S159n 100082391 04/12/2025 Ej.4 03/02/2013 Libro   DEWEY     Libro   Claustro Claustro Mezanine 28/02/2013 Donación 26000.00 2